Undocumented A Programmers Guide To I/O CPUS And Fixed Memory (Record no. 293058)

MARC details
000 -LEADER
fixed length control field 00449nam a2200169Ia 4500
008 - FIXED-LENGTH DATA ELEMENTS--GENERAL INFORMATION
fixed length control field 230718s9999 xx 000 0 und d
041 ## - LANGUAGE CODE
Language code of text/sound track or separate title eng
082 ## - DEWEY DECIMAL CLASSIFICATION NUMBER
Classification number 004.165
Item number GIL
100 ## - MAIN ENTRY--PERSONAL NAME
Personal name Gilluwe F.V.
245 ## - TITLE STATEMENT
Title Undocumented A Programmers Guide To I/O CPUS And Fixed Memory
250 ## - EDITION STATEMENT
Edition statement REVISE
260 ## - PUBLICATION, DISTRIBUTION, ETC. (IMPRINT)
Date of publication, distribution, etc. 1993
Name of publisher, distributor, etc. Wiley And Sons
300 ## - PHYSICAL DESCRIPTION
Extent 915
365 ## - TRADE PRICE
Currency code Rs.
Price amount 630.45
700 ## - ADDED ENTRY--PERSONAL NAME
Personal name Gilluwe F.V.
906 ## - LOCAL DATA ELEMENT F, LDF (RLIN)
d B:71830-Jan-1995
c COMP
b 94.57
Holdings
Withdrawn status Lost status Damaged status Not for loan Home library Current library Date acquired Vendor Budget Code Cost, normal purchase price Bill number Total Checkouts Full call number Barcode Date last seen Discount Cost, replacement price Bill Date Koha item type Original Barcode
        Cummins College of Engineering for Women Pune Cummins College of Engineering for Women Pune 25/01/1995 Pradeep Book Distributors COMP 535.88 718   004.165 CCEP-BK-4163 18/07/2023 94.57 630.45 30/01/1995 Books 004163